Eponyms by Picture 1 - Statistics

General Stats
  • This quiz has been taken 57 times
  • The average score is 8 of 16
Answer Stats
Picture Answer % Correct
Guillotine
92%
Ferris Wheel
86%
Morse Code
78%
Washington
78%
Zeppelin
64%
Pythagorean Theorem
62%
Sandwich
62%
Air Jordan
50%
Halley's Comet
46%
Bunsen Burner
44%
Tesla Coil
42%
Kennedy Space Center
38%
Newton's Cradle
38%
Sousaphone
36%
Galilean Moons
12%
Molotov Cocktail
12%
No matching quizzes found
Score Distribution
Percent of People with Each Score
Percentile by Number Answered
Your Score History
You have not taken this quiz